| 000 | 00729nam a22001937a 4500 | ||
|---|---|---|---|
| 003 | BD-DhUL | ||
| 005 | 20180327121112.0 | ||
| 008 | 180327s2000 nyu||||| |||| 00| 0 eng | ||
| 040 |
_aBD-DhUL _cBD-DhUL |
||
| 082 |
_a341.23 _bUNI |
||
| 110 | 2 | _aUnited Nations | |
| 245 | 0 |
_aThe International Law Commission fifty years after : _ban evaluation / _cUnited Nations |
|
| 260 |
_aNew York : _bUnited Nations, _c2000 |
||
| 300 |
_axii, 214 p. ; _c 22 cm |
||
| 500 | _a"Proceeding of the seminar held to commemorate the fiftieth anniversary of the International Law Commission, 21-22 April 1998" | ||
| 504 | _aIncludes bibliographical conferences | ||
| 651 | 0 |
_aUnited Nations _xInternational Law Commision |
|
| 942 |
_2ddc _cBK |
||
| 999 |
_c239701 _d239701 |
||